70's and 80's Bands By Members last Names - Statistics

General Stats
  • This quiz has been taken 157 times
  • The average score is 7 of 15
Answer Stats
Hint Answer % Correct
Rotten, Cook, Jones, Matlock, Vicious Sex Pistols
89%
Michael, Ridgeley Wham
88%
Gibbons, Beard, Hill ZZ Top
74%
Geldof, Briquette, Cott, Crowe, Fingers Boomtown Rats
60%
Coverdale, Di Martini, Dunbar, Lord, Paige, Powell, Sarzo, Vai, Vandenberg Whitesnake
57%
Lowe, Tennant Pet Shop Boys
50%
Diamond, Horowitz, Yauch Beastie Boys
45%
Valli, DeVito, Gaudio, Massi, Polci Four Seasons
40%
Clarke, Bell Erasure
37%
Fahey, Woodward, Dallin, O'Sullivan Bananarama
35%
Sumner, Gilbert, Hook, Morris New Order
29%
Johnson, Gill, O'Toole, Rutherford, Nash Frankie Goes To Hollywood
19%
King, Lindup, Gould, Gould Level 42
17%
Stubbs, Benson, Fakir, Payton Four Tops
14%
Meier, Blank Yello
6%
No matching quizzes found
Score Distribution
Percent of People with Each Score
Percentile by Number Answered
Your Score History
You have not taken this quiz